000 00589nam a22002057a 4500
003 OSt
005 20240618152050.0
008 180321b xxu||||| |||| 00| 0 eng d
020 _a3540609342
040 _cDDC
082 _a515.35 VER 1996
100 _aVerhulst, Ferdinand
_912555
245 _aNonlinear Differential Equations and Dynamical Systems /
_cFerdinard Verhulst
250 _a2nd ed.
260 _aBerlin;
_b Springer,
_c1996
300 _ax,303p;
_bill:
_c23.5cm.
504 _aReferences, & index included
650 _aNonlinear equations
_912558
942 _2ddc
_cO_SHELF
999 _c6067
_d6067